| 000 | 00383nam a2200145 a 4500 | ||
|---|---|---|---|
| 001 | 1481 | ||
| 003 | CDMR | ||
| 005 | 20130116135211.0 | ||
| 008 | 130130s1992||||||||||||||||||||||||||||d | ||
| 040 |
_aCDMR _bcat _cCPC GIRONA |
||
| 100 | 1 |
_aMirambell, Enric _91123 |
|
| 245 | 1 | 0 |
_aHistoria del Gobierno civil de Girona _cMirambell, Enric |
| 260 |
_c1992 _bGovern Civil de Girona |
||
| 942 | _cMON | ||
| 999 |
_c1481 _d1481 |
||